000 00625nam a2200181Ia 4500
008 151202s9999||||xx |||||||||||||| ||und||
082 _bPNVM-56171
100 _aराजे शैलजा.
245 _aसमींदरावरले रहस्य.
260 _b"नवचैतन्य प्रकाशन,बोरोवली."
260 _c0
300 _a132
600 _aराजे शैलजा.
630 _aसमींदरावरले रहस्य.
700 _aराजे शैलजा.
730 _aसमींदरावरले रहस्य.
942 _cBOOK
999 _c1322709
_d1322706